[Event "HUN-ch U18 Girls"]
[Site "Balatonlelle"]
[Date "2019.06.26"]
[Round "7"]
[White "Kovacs, Judit"]
[Black "Szabo, Andrea Erzsebet"]
[Result "1-0"]
[WhiteElo "2025"]
[BlackElo "1582"]
[PlyCount "61"]
[EventDate "2019.06.21"]
[EventType "tourn"]
[EventRounds "9"]
[EventCountry "HUN"]
[SourceTitle "CBM 191 Extra"]
[Source "ChessBase"]
[SourceDate "2019.09.30"]
[SourceVersion "1"]
[SourceVersionDate "2019.09.30"]
[SourceQuality "1"]

1. d4 d5 2. Nf3 Nf6 3. c4 c6 4. Qc2 g6 5. Bf4 Bf5 6. Qb3 Qb6 7. Nc3 Bg7 8. e3 Nbd7 9. Be2 0-0 10. h3 Qxb3 11. axb3 Nb6 12. Ne5 Nfd7 13. Nxd7 Bxd7 14. c5 Nc8 15. b4 e6 16. b5 Ne7 17. 0-0 Rfe8 18. b4 cxb5 19. Bxb5 Nc6 20. Bxc6 bxc6 21. Ra6 Rec8 22. Rfa1 f6 23. Na4 Rf8 24. Nb6 Bc8 25. R6a3 axb6 26. Rxa8 bxc5 27. Bd6 Re8 28. bxc5 e5 29. R1a7 Bf8 30. Rb8 Bxd6 31. cxd6 1-0

[Event "HUN-ch U18 Girls"]
[Site "Balatonlelle"]
[Date "2019.06.24"]
[Round "4"]
[White "Szabo, Andrea Erzsebet"]
[Black "Kovacs, Judit"]
[Result "0-1"]
[WhiteElo "1582"]
[BlackElo "2025"]
[PlyCount "52"]
[EventDate "2019.06.21"]
[EventType "tourn"]
[EventRounds "9"]
[EventCountry "HUN"]
[SourceTitle "CBM 191 Extra"]
[Source "ChessBase"]
[SourceDate "2019.09.30"]
[SourceVersion "1"]
[SourceVersionDate "2019.09.30"]
[SourceQuality "1"]

1. d4 Nf6 2. Nf3 g6 3. c3 Bg7 4. Bf4 0-0 5. Nbd2 d5 6. e3 c5 7. Be2 b6 8. h3 Nc6 9. 0-0 Nd7 10. Bb5 Bb7 11. Bxc6 Bxc6 12. Re1 Nf6 13. Ne5 Bb7 14. Ng4 Ne8 15. Bh6 f6 16. Bxg7 Kxg7 17. Nf3 Nd6 18. Qc2 Qc7 19. Rad1 Rae8 20. Qc1 Nf7 21. b4 c4 22. a3 Qc6 23. Qc2 Bc8 24. e4 dxe4 25. Qxe4 Qxe4 26. Rxe4 f5 0-1

[Event "Budapest Karacsonyi op 10th"]
[Site "Budapest"]
[Date "2018.12.29"]
[Round "5"]
[White "Kovacs, Judit"]
[Black "Juhasz, Agoston Botond"]
[Result "0-1"]
[WhiteElo "2007"]
[BlackElo "2106"]
[PlyCount "132"]
[EventDate "2018.12.27"]
[EventType "swiss"]
[EventRounds "7"]
[EventCountry "HUN"]
[SourceTitle "CBM 188 Extra"]
[Source "ChessBase"]
[SourceDate "2019.02.26"]
[SourceVersion "1"]
[SourceVersionDate "2019.02.26"]
[SourceQuality "1"]

1. d4 d5 2. c4 c6 3. Nf3 Nf6 4. Qc2 dxc4 5. Qxc4 Bg4 6. Nbd2 Nbd7 7. g3 e6 8. Bg2 Be7 9. 0-0 0-0 10. Rd1 Rc8 11. Ne5 b5 12. Qb3 Nxe5 13. dxe5 Nd7 14. Nf3 Bxf3 15. exf3 Qc7 16. f4 a6 17. h4 c5 18. h5 Rfd8 19. Be4 c4 20. Qc2 h6 21. Be3 Bc5 22. Qe2 Bxe3 23. Qxe3 Nc5 24. Bc2 a5 25. f5 Nd7 26. f6 Nxe5 27. Qe4 gxf6 28. Qh7+ Kf8 29. Qxh6+ Ke7 30. Qe3 Rh8 31. Qe2 Rcg8 32. Kg2 f5 33. Bxf5 exf5 34. f4 f6 35. fxe5 fxe5 36. Rd5 e4 37. Qe3 Rxh5 38. Rad1 Rhg5 39. Rd7+ Qxd7 40. Rxd7+ Kxd7 41. Qa7+ Kc6 42. Qa6+ Kc5 43. Qa7+ Kd6 44. Qb6+ Ke7 45. Qc7+ Kf6 46. Qd6+ Kg7 47. Qe7+ Kh6 48. Qf6+ Kh7 49. Kf2 R8g6 50. Qf7+ Rg7 51. Qf6 e3+ 52. Kxe3 Rxg3+ 53. Kd4 R3g5 54. a4 bxa4 55. Kxc4 f4 56. Qe6 Rg4 57. Qf5+ Kh6 58. Qf8 f3+ 59. Kb5 Rg3 60. Qh8+ Kg6 61. Qe8+ Kf5 62. Qe3 Kg4 63. Qe6+ Kf4 64. Qc4+ Ke3 65. Qc5+ Ke2 66. Qc2+ Kf1 0-1

[Event "EU-chT U18 Girls"]
[Site "Bad Blankenburg"]
[Date "2018.07.15"]
[Round "4.2"]
[White "Kovacs, Judit"]
[Black "Khamenya, Vitalia"]
[Result "1-0"]
[WhiteElo "2143"]
[BlackElo "1770"]
[PlyCount "63"]
[EventDate "2018.07.12"]
[EventType "team-swiss"]
[EventRounds "7"]
[EventCountry "GER"]
[SourceTitle "EXT 2019"]
[Source "ChessBase"]
[SourceDate "2018.10.10"]
[SourceVersion "1"]
[SourceVersionDate "2018.10.10"]
[SourceQuality "1"]
[WhiteTeam "Hungary U18 Girls"]
[BlackTeam "Germany U18 Girls IV"]
[WhiteTeamCountry "HUN"]
[BlackTeamCountry "GER"]

1. d4 Nf6 2. c4 e6 3. Nc3 d5 4. cxd5 exd5 5. Bg5 Be7 6. e3 0-0 7. Bd3 Nbd7 8. Nge2 Re8 9. 0-0 Nf8 10. Qc2 c6 11. f3 b6 12. Rad1 Bb7 13. h3 h6 14. Bh4 Ne6 15. a3 a6 16. Kh1 Kh8 17. Bf5 Nc7 18. Qb3 Nb5 19. Bb1 g5 20. Bf2 Nd6 21. e4 Nc4 22. Qc2 Nh7 23. exd5 Nf8 24. dxc6 Bxc6 25. d5 Bb7 26. Ng3 Nd6 27. Nce4 Rc8 28. Qd3 Ng6 29. Bd4+ Kg8 30. Nh5 Nxe4 31. fxe4 b5 32. Bc3 1-0

[Event "Zalakaros op 37th"]
[Site "Zalakaros"]
[Date "2018.05.29"]
[Round "5"]
[White "Kovacs, Judit"]
[Black "Konyves, Almos"]
[Result "1-0"]
[WhiteElo "2127"]
[BlackElo "1902"]
[PlyCount "31"]
[EventDate "2018.05.25"]
[EventType "swiss"]
[EventRounds "9"]
[EventCountry "HUN"]
[SourceTitle "EXT 2019"]
[Source "ChessBase"]
[SourceDate "2018.10.10"]
[SourceVersion "1"]
[SourceVersionDate "2018.10.10"]
[SourceQuality "1"]

1. Nf3 d5 2. g3 Nf6 3. Bg2 c5 4. 0-0 Nc6 5. d4 Bf5 6. c4 dxc4 7. Qa4 Qd7 8. dxc5 Ne5 9. Qb4 Nd5 10. Qa3 Nc6 11. Rd1 e6 12. Nh4 Bc2 13. Rd2 Bxb1 14. Rxb1 Ncb4 15. Bxd5 Nxd5 16. e4 1-0

[Event "HUN-chT2 Maroczy 1718"]
[Site "Hungary"]
[Date "2017.11.26"]
[Round "2.12"]
[White "Kovacs, Laszlo1111"]
[Black "Kovacs, Judit"]
[Result "0-1"]
[WhiteElo "2102"]
[BlackElo "2035"]
[PlyCount "68"]
[EventDate "2017.10.29"]
[EventType "team-tourn"]
[EventRounds "9"]
[EventCountry "HUN"]
[SourceTitle "EXT 2021"]
[Source "ChessBase"]
[SourceDate "2020.10.23"]
[SourceVersion "1"]
[SourceVersionDate "2020.10.23"]
[SourceQuality "1"]
[WhiteTeam "Miskolc KisBocsok"]
[BlackTeam "Budapest HASE"]
[WhiteTeamCountry "HUN"]
[BlackTeamCountry "HUN"]

1. d4 d5 2. c4 c6 3. e3 Nf6 4. Bd3 a6 5. Nc3 e6 6. Bd2 Nbd7 7. c5 e5 8. f3 g6 9. Nge2 Bg7 10. 0-0 0-0 11. b4 Ne8 12. a4 Nc7 13. f4 exd4 14. exd4 f5 15. Be3 Nf6 16. Kh1 Ne6 17. h3 Re8 18. Qd2 Ne4 19. Nxe4 dxe4 20. Bc4 Kh8 21. Rad1 Nc7 22. Nc3 Qf6 23. Qf2 Be6 24. Bxe6 Qxe6 25. Qb2 Qc4 26. Rf2 Ne6 27. Rfd2 Red8 28. Ne2 a5 29. bxa5 Nxc5 30. Rc1 Qb3 31. Rxc5 Qxe3 32. Kh2 Rd7 33. Rc3 Qf2 34. Rb3 Bh6 0-1

[Event "HUN-chT2 Breyer 1718"]
[Site "Hungary"]
[Date "2017.10.08"]
[Round "2.5"]
[White "Andahazy, Kolos"]
[Black "Kovacs, Judit"]
[Result "0-1"]
[WhiteElo "1893"]
[BlackElo "1989"]
[PlyCount "110"]
[EventDate "2017.09.24"]
[EventType "team-tourn"]
[EventRounds "11"]
[EventCountry "HUN"]
[SourceTitle "EXT 2021"]
[Source "ChessBase"]
[SourceDate "2020.10.23"]
[SourceVersion "1"]
[SourceVersionDate "2020.10.23"]
[SourceQuality "1"]
[WhiteTeam "Paty"]
[BlackTeam "Budapest HASE"]
[WhiteTeamCountry "HUN"]
[BlackTeamCountry "HUN"]

1. e4 c5 2. Nf3 e6 3. d4 cxd4 4. Nxd4 a6 5. Be2 Qc7 6. 0-0 Nf6 7. Nc3 Nc6 8. Nxc6 bxc6 9. Bg5 Be7 10. Qd4 e5 11. Qe3 h6 12. Bh4 d5 13. exd5 Nxd5 14. Nxd5 cxd5 15. Bg3 f6 16. Bh5+ Kf8 17. Qb3 Be6 18. Kh1 Qc6 19. Rfd1 Rd8 20. c3 Bd6 21. Rac1 f5 22. Re1 Qc7 23. Qa4 Bd7 24. Qd1 f4 25. Qxd5 Bc6 26. Qe6 Qd7 27. Qxd7 Bxd7 28. Bxf4 exf4 29. Rcd1 Be7 30. Rd4 Bc6 31. Rxf4+ Bf6 32. Rc4 Be8 33. Bg4 h5 34. Bf5 g6 35. Bc2 Kg7 36. h3 Rd2 37. Rc7+ Kh6 38. Bb3 Rxf2 39. Rc8 Bb5 40. Rc7 Bd3 41. Rd7 Bf5 42. Rf7 Bh4 43. Re3 Rf1+ 44. Kh2 Bf2 45. Rf3 h4 46. Rf6 Bg3+ 47. Rxg3 hxg3+ 48. Kxg3 Rd8 49. Bc2 Rd2 50. Bxf5 Rxf5 51. Rxf5 gxf5 52. b3 Rxa2 53. Kf4 Kg6 54. g4 fxg4 55. hxg4 Ra3 0-1

[Event "Mitropa Cup (Women)"]
[Site "Balatonszarszo"]
[Date "2017.09.22"]
[Round "6.4"]
[White "Kovacs, Judit"]
[Black "Rogozenco, Teodora Nana"]
[Result "0-1"]
[WhiteElo "2042"]
[BlackElo "2025"]
[PlyCount "102"]
[EventDate "2017.09.17"]
[EventType "team-tourn"]
[EventRounds "9"]
[EventCountry "HUN"]
[SourceTitle "CBM 180 Extra"]
[Source "ChessBase"]
[SourceDate "2017.10.06"]
[SourceVersion "1"]
[SourceVersionDate "2017.10.06"]
[SourceQuality "1"]
[WhiteTeam "Hungary (W)"]
[BlackTeam "Germany (W)"]
[WhiteTeamCountry "HUN"]
[BlackTeamCountry "GER"]

1. c4 g6 2. Nf3 Bg7 3. Nc3 Nf6 4. g3 0-0 5. Bg2 d6 6. d4 c6 7. 0-0 Qa5 8. h3 Qa6 9. Qd3 Be6 10. b3 d5 11. Ne5 dxc4 12. Nxc4 Rd8 13. e4 Bxc4 14. bxc4 Nfd7 15. Rd1 Ne5 16. Qe2 Nxc4 17. e5 Nb6 18. Qc2 Qc4 19. Bf1 Qe6 20. Rb1 f6 21. Na4 N8d7 22. exf6 Qxf6 23. Nc5 Rab8 24. Bf4 e5 25. dxe5 Nxe5 26. Bxe5 Qxe5 27. Rxd8+ Rxd8 28. Nxb7 Rf8 29. Nc5 Qf5 30. Qxf5 Rxf5 31. Ne6 Ra5 32. Nxg7 Kxg7 33. Rb2 c5 34. Bg2 c4 35. Rc2 Kf6 36. f4 g5 37. fxg5+ Rxg5 38. Kf2 Ke5 39. h4 Rg7 40. Bh3 Kd4 41. Be6 c3 42. Kf3 Nc4 43. g4 Re7 44. Bg8 Kd3 45. Rc1 Kd2 46. Rh1 Ne5+ 47. Kf4 Nd3+ 48. Kg5 c2 49. Kf6 Re1 50. Rh2+ Re2 51. Rh1 Ne1 0-1

[Event "Mitropa Cup (Women)"]
[Site "Balatonszarszo"]
[Date "2017.09.20"]
[Round "4.4"]
[White "Liscinska, Jana"]
[Black "Kovacs, Judit"]
[Result "0-1"]
[WhiteElo "1714"]
[BlackElo "2042"]
[PlyCount "82"]
[EventDate "2017.09.17"]
[EventType "team-tourn"]
[EventRounds "9"]
[EventCountry "HUN"]
[SourceTitle "CBM 180 Extra"]
[Source "ChessBase"]
[SourceDate "2017.10.06"]
[SourceVersion "1"]
[SourceVersionDate "2017.10.06"]
[SourceQuality "1"]
[WhiteTeam "Slovakia (W)"]
[BlackTeam "Hungary (W)"]
[WhiteTeamCountry "SVK"]
[BlackTeamCountry "HUN"]

1. Nf3 d5 2. g3 Nf6 3. Bg2 Bf5 4. 0-0 c6 5. d3 e6 6. Re1 Be7 7. Nbd2 h6 8. e4 Bh7 9. Qe2 0-0 10. e5 Nfd7 11. Nf1 c5 12. h4 Nc6 13. N1h2 c4 14. a3 cxd3 15. cxd3 Nc5 16. Rd1 Nb3 17. Ra2 Rc8 18. Be3 Qa5 19. Ng4 Nb4 20. axb4 Qxa2 21. Bxh6 gxh6 22. Qe3 Kh8 23. Nf6 Bxf6 24. exf6 Rg8 25. Qxh6 Rg6 26. Qh5 Qxb2 27. Ng5 Rxg5 28. hxg5 Qc2 29. Kh2 Rf8 30. Qh6 Rg8 31. Qh5 Nd4 32. f4 Nf5 33. Qf3 Ne3 34. Rg1 Nxg2 35. Rxg2 Qxd3 36. Qh5 Qg6 37. Qf3 Rc8 38. g4 Qe4 39. Qh3 Qxf4+ 40. Kh1 Kg8 41. Qh6 Rc1+ 0-1

[Event "EU-ch U16 Girls 27th"]
[Site "Mamaia"]
[Date "2017.09.14"]
[Round "9"]
[White "Muetsch, Annmarie"]
[Black "Kovacs, Judit"]
[Result "1-0"]
[WhiteElo "2137"]
[BlackElo "2042"]
[PlyCount "67"]
[EventDate "2017.09.05"]
[EventType "swiss"]
[EventRounds "9"]
[EventCountry "ROU"]
[SourceTitle "CBM 180 Extra"]
[Source "ChessBase"]
[SourceDate "2017.10.06"]
[SourceVersion "1"]
[SourceVersionDate "2017.10.06"]
[SourceQuality "1"]

1. e4 c5 2. Nf3 e6 3. d4 cxd4 4. Nxd4 Qb6 5. Nb3 Qc7 6. Nc3 a6 7. Bd3 Nf6 8. 0-0 d6 9. a4 b6 10. Qe2 Bb7 11. f4 Nbd7 12. Be3 Be7 13. Nd4 Nc5 14. Bf2 0-0 15. Kh1 Rfe8 16. Nf3 e5 17. fxe5 dxe5 18. Bg3 Bf8 19. Bh4 Be7 20. Bxf6 Bxf6 21. Bc4 Ne6 22. g3 Nd4 23. Nxd4 exd4 24. Nd5 Bxd5 25. Bxd5 Rac8 26. Rf2 Re7 27. Raf1 Qd7 28. Qxa6 h5 29. Qe2 Qxa4 30. Qxh5 Rxc2 31. e5 Rxf2 32. Rxf2 Rxe5 33. Qxf7+ Kh8 34. Qg8# 1-0

[Event "EU-chT U18 Girls"]
[Site "Rymanow Zdroj"]
[Date "2017.08.23"]
[Round "7.5"]
[White "Kanakova, Natalie"]
[Black "Kovacs, Judit"]
[Result "1/2-1/2"]
[WhiteElo "2176"]
[BlackElo "2062"]
[PlyCount "90"]
[EventDate "2017.08.17"]
[EventType "team-swiss"]
[EventRounds "7"]
[EventCountry "POL"]
[SourceTitle "CBM 180 Extra"]
[Source "ChessBase"]
[SourceDate "2017.10.06"]
[SourceVersion "1"]
[SourceVersionDate "2017.10.06"]
[SourceQuality "1"]
[WhiteTeam "Czech Republic U18 Girls"]
[BlackTeam "Hungary U18 Girls"]
[WhiteTeamCountry "CZE"]
[BlackTeamCountry "HUN"]

1. e4 c5 2. Nf3 e6 3. d4 cxd4 4. Nxd4 a6 5. Bd3 Qb6 6. Be3 Qxb2 7. Nd2 Qc3 8. 0-0 Qc7 9. e5 d6 10. f4 Nd7 11. Nc4 dxe5 12. fxe5 Nxe5 13. Bf4 Bd6 14. Nxd6+ Qxd6 15. Nf5 exf5 16. Bxe5 Qb6+ 17. Kh1 Qg6 18. Rf3 Nf6 19. Bd6 Ne4 20. Bxe4 fxe4 21. Rc3 Bg4 22. Qd4 Rd8 23. Qe5+ Qe6 24. Qxg7 Qxd6 25. Qxg4 Qd4 26. Qg3 Qd1+ 27. Qe1 Qxe1+ 28. Rxe1 0-0 29. g4 Rfe8 30. Kg2 Kg7 31. Kg3 Rc8 32. Rxc8 Rxc8 33. Re2 Rc4 34. Kf4 b5 35. h4 e3+ 36. Kf3 b4 37. Rxe3 Rxc2 38. a3 a5 39. axb4 axb4 40. Re4 Rb2 41. Rc4 Rb1 42. Rc6 Kf8 43. Rb6 Ke7 44. g5 b3 45. Kg4 Kf8 1/2-1/2

[Event "HUN-chT U18"]
[Site "Hajduboszormeny"]
[Date "2016.11.05"]
[Round "7.33"]
[White "Kovacs, Judit"]
[Black "Fodor, Kornel"]
[Result "1/2-1/2"]
[WhiteElo "2022"]
[BlackElo "1695"]
[PlyCount "82"]
[EventDate "2016.11.02"]
[EventType "team-swiss"]
[EventRounds "8"]
[EventCountry "HUN"]
[SourceTitle "CBM 175 Extra"]
[Source "ChessBase"]
[SourceDate "2016.12.12"]
[SourceVersion "1"]
[SourceVersionDate "2016.12.12"]
[SourceQuality "1"]

1. Nf3 Nf6 2. c4 g6 3. g3 Bg7 4. Bg2 0-0 5. d4 d6 6. Nc3 Nbd7 7. 0-0 e5 8. e4 c6 9. h3 Qb6 10. Re1 exd4 11. Nxd4 Ne5 12. b3 Nfd7 13. Be3 Nc5 14. Bf1 Qa5 15. Rc1 Re8 16. f4 Ned7 17. Bg2 Nf6 18. Bf2 Qc7 19. b4 Ncd7 20. a4 a5 21. b5 c5 22. Nc2 Nb6 23. Ne3 Be6 24. Qd3 Rad8 25. g4 d5 26. Nexd5 Bxd5 27. cxd5 Qxf4 28. Bg3 c4 29. Bxf4 cxd3 30. Red1 Nc4 31. Rxd3 Nd7 32. Bf1 Nc5 33. Rdd1 Nb2 34. Rd2 Nb3 35. Rxb2 Nxc1 36. Rc2 Nb3 37. Bc7 Rd7 38. b6 Nd4 39. Rc1 Nb3 40. Rc2 Nd4 41. Rc1 Nb3 1/2-1/2

[Event "EU-ch U14 Girls 26th"]
[Site "Prague"]
[Date "2016.08.24"]
[Round "6"]
[White "Pipia, Ekaterine"]
[Black "Kovacs, Judit"]
[Result "1-0"]
[WhiteElo "1661"]
[BlackElo "2167"]
[PlyCount "74"]
[EventDate "2016.08.18"]
[EventType "swiss"]
[EventRounds "9"]
[EventCountry "CZE"]
[SourceTitle "CBM 174 Extra"]
[Source "ChessBase"]
[SourceDate "2016.10.10"]
[SourceVersion "1"]
[SourceVersionDate "2016.10.10"]
[SourceQuality "1"]

1. d4 d5 2. c4 c6 3. cxd5 cxd5 4. Bf4 Nc6 5. e3 Nf6 6. Nc3 a6 7. Bd3 e6 8. Nf3 Bd6 9. Bxd6 Qxd6 10. 0-0 0-0 11. a3 Nd7 12. Bc2 f5 13. Ng5 Nf6 14. Rc1 Bd7 15. Bb1 b5 16. b4 Be8 17. Ne2 h6 18. Nh3 a5 19. bxa5 Nxa5 20. Rc5 Nb7 21. Rc3 Rxa3 22. Rxa3 Qxa3 23. Nhf4 Bd7 24. Bd3 Nd6 25. Ng6 Ra8 26. Ne5 Nc4 27. Nxd7 Nxd7 28. Nf4 Nf8 29. Qh5 b4 30. g4 fxg4 31. Qxg4 Qa6 32. Nh5 Qb7 33. Kh1 Qf7 34. Rg1 Ra7 35. Nxg7 Kh8 36. Qh3 Nh7 37. Nxe6 Nd2 1-0